Controllers of Belize Throughout History - Statistics

General Stats
  • This quiz has been taken 54 times
    53 since last reset
  • The average score is 5 of 6
Answer Stats
Time Period Answer % Correct
1981- Belize
100%
1546-1580 Spain
95%
1640-1821 Spain
95%
1798-1981 United Kingdom
95%
1821-1823 Mexico
74%
1580-1640 Iberian Union
53%
No matching quizzes found
Score Distribution
Percent of People with Each Score
Percentile by Number Answered
Your Score History
You have not taken this quiz since the last reset